00397nam a2200121Ia 4500008004100000082001900041100003300060245002400093260006200117300001000179630001800189650006800207211109s9999||||xx |||||||||||||| ||und|| a891.436bBHA-A aBhasik Aur Govind Chalakji,  0aAdhunik Hindi Natak bRajkamal Prakashan Pvt Ltd DelhiaOxford City Pressc1900 a320p. xGeneral stack aHindi literaturevHindi fictionxLiterature & rhetoricGeneralia